000 01094nam a2200217 a 4500
001 000123533
003 AM-YEHGA
005 20250617122609.0
008 991101s1977 ru ||||gr|||||||||0|rus|d
040 _aAM-YeHGA
041 0 _arus
100 0 _aТен Хак Мун
245 1 0 _aМикробиологические процессы в почвах островов притихоокеанской зоны /
_cАН СССР, Дальневосточный научный центр, Хабаровский комплексный научно-исследовательский ин-т ; Отв. ред. Т.В. Аристовская.
260 _aМосква :
_bНаука,
_c1977.
300 _a179 с.
650 1 4 _aПочвы
_xМикробиологические процессы
700 1 _aАристовская, Т.В.
_eред.
_4edt
711 2 _aХабаровский комплексный научно-исследовательский ин-т Дальневосточного научного центра АН СССР
942 _2udc
_cBK
090 _c41377
999 _c40715
_d40715